Normal view
MARC view
- Law, The Transfer of Property Act, 1882
Entry Topical Term
001 - CONTROL NUMBER
- control field: 128288
003 - CONTROL NUMBER IDENTIFIER
- control field: NUST
005 - DATE AND TIME OF LATEST TRANSACTION
- control field: 20250313104356.0
008 - FIXED-LENGTH DATA ELEMENTS
- fixed length control field: 250313|| aca||aabn | a|a d
040 ## - CATALOGING SOURCE
- Original cataloging agency: NUST
- Transcribing agency: NUST
150 ## - HEADING--TOPICAL TERM
- Topical term or geographic name entry element: Law, The Transfer of Property Act, 1882
670 ## - SOURCE DATA FOUND
- Source citation: Work cat.: (NUST): Dahar, A.D. 35255, The Transfer of Property Act (IV of 1882) /, 2023.
